MARC details
| 000 -LEADER |
| campo de control de longitud fija |
02112nac a22003017a 4500 |
| 003 - IDENTIFICADOR DE NÚMERO DE CONTROL |
| campo de control |
Co-PeBPM |
| 005 - FECHA Y HORA DE LA ÚLTIMA TRANSACCIÓN |
| campo de control |
20250226172909.0 |
| 007 - CAMPO FIJO DE DESCRIPCIÓN FÍSICA--INFORMACIÓN GENERAL |
| campo de control de longitud fija |
ta |
| 008 - DATOS DE LONGITUD FIJA--INFORMACIÓN GENERAL |
| campo de control de longitud fija |
240308s2022 |||||||| |||| 00| 0 spa d |
| 020 ## - NÚMERO INTERNACIONAL ESTÁNDAR DEL LIBRO |
| Número Internacional Estándar del Libro |
9789586657433 |
| 040 ## - FUENTE DE CATALOGACIÓN |
| Centro catalogador/agencia de origen |
Co-PeBPM |
| Lengua de catalogación |
spa |
| Centro/agencia transcriptor |
Co-PeBPM |
| Normas de descripción |
rda |
| 041 ## - CÓDIGO DE IDIOMA |
| Código de lengua del texto/banda sonora o título independiente |
spa |
| 082 ## - NÚMERO DE LA CLASIFICACIÓN DECIMAL DEWEY |
| Número de clasificación |
614.581 T625s |
| Número de edición |
22 |
| 100 10 - ENTRADA PRINCIPAL--NOMBRE DE PERSONA |
| Nombre de persona |
Tizón, Jorge L. |
| Fechas asociadas al nombre |
1946- |
| Término indicativo de función/relación |
autor |
| 245 10 - MENCIÓN DEL TÍTULO |
| Título |
Salud emocional en tiempos de crisis |
| Resto del título |
: Reflexiones desde una pandemia |
| Mención de responsabilidad, etc. |
/ Jorge L. Tizón |
| 250 ## - MENCION DE EDICION |
| Mención de edición |
Primera edición especial |
| 260 ## - PUBLICACIÓN, DISTRIBUCIÓN, ETC. |
| Lugar de publicación, distribución, etc. |
Bogotá, Colombia |
| Nombre del editor, distribuidor, etc. |
: Siglo del Hombre Editores |
| Fecha de publicación, distribución, etc. |
, 2022 |
| 300 ## - DESCRIPCIÓN FÍSICA |
| Extensión |
183 páginas |
| Dimensiones |
20 centímetros |
| 490 0# - MENCIÓN DE SERIE |
| Mención de serie |
Plan Nacional de Lectura y Escritura Leer es mi Cuento / Ministerio de Cultura |
| 500 ## - NOTA GENERAL |
| Nota general |
Edición especial. Colección de actualización bibliográfica para la Red Nacional de Bibliotecas Públicas del Ministerio de Cultura, Plan Nacional de Lectura, Escritura y Oralidad “Leer es mi Cuento”, 2022 |
| 520 3# - RESUMEN, ETC. |
| Sumario, etc. |
Esta obra intenta aproximarnos a la comprensión de lo que nos está pasando a nivel psicológico como protagonistas de una crisis: la derivada de la pandemia de la COVID-19. Más allá del miedo, las emociones que se mueven en una crisis como esta abarcan un espectro más amplio. ¿Cuáles son las demás emociones que nos invaden y qué papel están desempeñando? ¿Cómo podemos gestionar esta crisis y las que vendrán a nivel emocional, a nivel de recursos sanitarios y de salud mental, a nivel de cuidados comunitarios y comunitaristas? El impacto mundial de esta pandemia es tan nuevo e inesperado que no sabemos por dónde irán los acontecimientos. Lo único que sabemos es que no serán como habíamos previsto, como esperábamos o como lo hubiéramos deseado antes de que sucediera. Lo único que puede decirse con seguridad de las crisis. es que habrá más... Tomado de la contra cubierta |
| 521 ## - NOTA DE PÚBLICO DESTINATARIO |
| Nota de público destinatario |
Recomendado para jóvenes y adultos |
| 546 ## - NOTA DE IDIOMA |
| Nota de lengua/lenguaje |
spa |
| 650 1# - PUNTO DE ACCESO ADICIONAL DE MATERIA--TÉRMINO DE MATERIA |
| Término de materia o nombre geográfico como elemento de entrada |
Salud mental |
| Subdivisión general |
Investigaciones |
| 650 1# - PUNTO DE ACCESO ADICIONAL DE MATERIA--TÉRMINO DE MATERIA |
| Término de materia o nombre geográfico como elemento de entrada |
COVID-19 (Enfermedad) |
| Subdivisión general |
Aspectos psicológicos |
| 650 1# - PUNTO DE ACCESO ADICIONAL DE MATERIA--TÉRMINO DE MATERIA |
| Término de materia o nombre geográfico como elemento de entrada |
Epidemias |
| Subdivisión general |
Aspectos sociales |
| 942 ## - ELEMENTOS DE ENTRADA SECUNDARIOS (KOHA) |
| Fuente del sistema de clasificación o colocación |
Clasificación Decimal Dewey |
| Tipo de ítem Koha |
Libros |
| Suprimir en OPAC |
No |